• 首页
  • 本馆介绍
  • 公告通知
  • 最新文献
  • 馆藏检索
  • 电子资源
  • 读者导购
  • 参考咨询
  • 我的图书馆
  • 登录
  • 详细信息显示
  • 放入我的书架
  • 预约/预借图书
  • 作者相关作品
  • 分类相关作品
  • 丛书相关作品
  • 出版社相关作品

书目信息

  • 表格格式
  • 工作单格式
  • 卡片格式
题名:
滨海电厂水生态环境保护关键技术研究与应用
    
 
作者: 陈松贵 著
分册:  
出版信息: 北京   人民交通出版社股份有限公司  2021
页数: 162页
开本: 23cm
丛书名: 海洋水动力工程研究论丛
单 册:
中图分类: X773
科图分类:
主题词: 海滨--发电厂--排水--生态环境保护--研究
电子资源:
ISBN: 978-7-114-15506-2
000 01460oam2 2200277 450
001 2248422964
005 20220929132715.74
010    @a978-7-114-15506-2@dCNY48.00
100    @a20211217d2021 em y0chiy50 ea
101 0  @achi
102    @aCN@b110000
105    @aa az 000yy
200 1  @a滨海电厂水生态环境保护关键技术研究与应用@9bin hai dian chang shui sheng tai huan jing bao hu guan jian ji shu yan jiu yu ying yong@dEcological protection study for water environment and its application in the coastal power plant@f陈松贵[等]著@zeng
210    @a北京@c人民交通出版社股份有限公司@d2021
215    @a162页@c图@d23cm
225 2  @a海洋水动力工程研究论丛
304    @a著者还有:陈汉宝、赵鹏、彭程、王依娜
320    @a有书目 (第159-162页)
330    @a本书围绕滨海电厂建设过程中水环境生态保护的关键问题,主要从如下几方面进行论述:利用自主开发的水文模型,形成了多物理场海洋水动力模拟与评估技术;采用现场调查、数学模型等手段,建立了近岸水环境全息调查技术研发了基于珊瑚移植技术的环境修复措施;开发了全过程三维泥沙运移模拟模型,形成了全海域悬浮物围控等系列技术,通过上述技术的实施,满足了滨海电厂建设过程中高标准的环境要求。
461  0 @12001 @a海洋水动力工程研究论丛
510 1  @aEcological protection study for water environment and its application in the coastal power plant@zeng
606 0  @a海滨@x发电厂@x排水@x生态环境保护@x研究
690    @aX773@v5
701  0 @a陈松贵@9chen song gui@4著
801  0 @aCN@b91MARC@c20220125
905    @aZUCC@dX773@e3
    
    滨海电厂水生态环境保护关键技术研究与应用=Ecological protection study for water environment and its application in the coastal power plant/陈松贵[等]著.-北京:人民交通出版社股份有限公司,2021
    162页:图;23cm.-(海洋水动力工程研究论丛)
    
    
    ISBN 978-7-114-15506-2:CNY48.00
    本书围绕滨海电厂建设过程中水环境生态保护的关键问题,主要从如下几方面进行论述:利用自主开发的水文模型,形成了多物理场海洋水动力模拟与评估技术;采用现场调查、数学模型等手段,建立了近岸水环境全息调查技术研发了基于珊瑚移植技术的环境修复措施;开发了全过程三维泥沙运移模拟模型,形成了全海域悬浮物围控等系列技术,通过上述技术的实施,满足了滨海电厂建设过程中高标准的环境要求。
●
相关链接 在五车中查询图书 在当当中查询图书 在豆瓣中查询图书


正题名:滨海电厂水生态环境保护关键技术研究与应用     索取号:X773/3         预约/预借

序号 登录号 条形码 馆藏地/架位号 状态 备注
1 2000906416   2000906416   第三书库/ [索取号:X773/3] 在馆    
2 2000906417   2000906417   第三书库/ [索取号:X773/3] 在馆    
3 2000906418   2000906418   第三书库/ [索取号:X773/3] 在馆    
山东省滨州职业学院图书馆 欢迎您!
大连网信软件有限公司© 版权所有